History Quiz

Random History Quiz

AS Level History 1464-1429 Quiz Stats

 Plays Quiz not verified by Sporcle

Challenge
Share
Tweet
Embed
Score 0/99 Timer 20:00
0 Plays Today
Event Year % Correct
Warbeck attempts to invade England for the first time backed by Burgundy1495
87.5%
Battle of Bosworth1485
75%
Warbeck's third attempt to invade England1497
75%
Papal dispensation given for the marriage of Catherine of Aragon and Henry VIII1504
75%
Henry VII dies1509
75%
marriage of Edward IV and Elizabeth Woodville1464
62.5%
Edward IV comes back onto the throne1471
62.5%
Edward IV dies1483
62.5%
Richard III comes to the throne1483
62.5%
Henry Tudor promises to marry Elizabeth of York1483
62.5%
Richard seems to reconcile with Edward IV's family1484
62.5%
Lambert Simnel (1st Pretender) starts his pretence1486
62.5%
Cornish Rebellion1497
62.5%
Warbeck imprisoned in the Tower of London1498
62.5%
Isabella of Castile dies1504
62.5%
Henry VIII marries Catherine of Aragon1509
62.5%
The Field of the Cloth of Gold1520
62.5%
First instalment of the subsidy1523
62.5%
The Ladies Peace1529
62.5%
Richard Neville Earl of Warwick rebels against Edward IV1469
50%
Henry VI comes back to the throne1469
50%
Edward V is born1470
50%
Battle of Tewkesbury1471
50%
Anthony Earl Rivers and his three attendants are executed at Pontefract Castle1483
50%
Buckingham Rebellion1483
50%
Richard III's wife dies1484
50%
Act against retaining1485
50%
Henry VII marries Elizabeth of York1486
50%
Treaty of Medina del Campo with Spain1489
50%
Henry places an embargo on woollen cloth trade with Burgundy1493
50%
Warbeck secures the backing of the Holy Roman Emporer Maximilian1494
50%
Warbeck and the Earl of Warwick are executed for treason1499
50%
Arthur dies1502
50%
Event Year % Correct
Elizabeth of York dies1503
50%
Marriage of James IV and Princess Margaret1503
50%
Henry restores all the Hansa's privileges1504
50%
Henry VIII is crowned King1509
50%
Wolsey is appointed to the Counsel1510
50%
End of the war against France1514
50%
Wolsey becomes Cardinal1515
50%
Wolsey becomes Papal Legate1518
50%
End of the war against France1525
50%
The Diplomatic Revolution1525
50%
The Sack of Rome1527
50%
Pope Clement VII is taken prisoner1527
50%
Henry Tudor goes to Brittany with his Uncle Jasper Tudor1471
37.5%
Richard III's son (Edward) dies1484
37.5%
Lambert Simnel is crowned in Christchurch Cathedral, Dublin1487
37.5%
Warbeck flees to France and Charles VIII1492
37.5%
Treaty of Etaples with France1492
37.5%
Magnus Intercursus with Burgundy1496
37.5%
Warbeck's second invasion of England backed by the Scottish army1496
37.5%
Warbeck surrenders1497
37.5%
Marriage of Arthur and Catherine of Aragon1501
37.5%
The Holy League1511
37.5%
Beginning of the war against France1512
37.5%
Wolsey reforms the justice system1516
37.5%
Princess Mary is born1516
37.5%
Wolsey fixes poultry prices in London and investigates the scarcity of other meats1518
37.5%
Second instalment of the subsidy1525
37.5%
Battle of Pavia1525
37.5%
Battle of Barnet1471
25%
Anthony Earl Rivers and Hastings become enemies over the Lieutenancy of Calais1471
25%
Stony Startford-Earl Rivers, Sir Thomas Vaughan, Sir Richard Hawte and Sir Richard Grey are arrested1483
25%
Edward V becomes King (but is never crowned)1483
25%
Henry VII becomes King1485
25%
Event Year % Correct
Henry ends the Hansa1489
25%
Yorkshire Rebellion1489
25%
Sir Edward Poynings becomes Lord Deputy of Ireland1494
25%
The Counsel Learned in the Law is set up1495
25%
Treaty of Windsor-Malus Intercursus with Burgundy1506
25%
Wolsey launches an enquiry into how effective policies against enclosure had been1517
25%
The Peace of London1518
25%
Beginning of another war against France1523
25%
The 'Amicable Grant'1525
25%
The King's Great Matter is made public1527
25%
League of Cambrai1529
25%
The fall of Thomas Wolsey1529
25%
Truce between England and Scotland1486
12.5%
Henry bans the export of unfinished cloth by foreign merchants1487
12.5%
Star Chamber Act1487
12.5%
Treaty of Dordrecht with the Holy Roman Empire1489
12.5%
Perkin Warbeck (2nd Pretender) starts his pretence in Ireland1491
12.5%
Treaty of Ayton with Scotland1497
12.5%
Treaty of Cambrai1508
12.5%
James V comes to the throne1513
12.5%
Louis XII dies1515
12.5%
Francis I comes to the french throne1515
12.5%
Ferdinand dies1516
12.5%
The Holy Roman Emperor Maximilian dies1519
12.5%
Charles Hapsburg is elected Holy Roman Emperor1519
12.5%
The Treaty of Bruges with Charles V1521
12.5%
League of Cognac1526
12.5%
England declares war on Charles V 1528
12.5%
Henry signs the Treat of Redon to defend Brittany1489
0%
Philip of Burgundy dies1506
0%
Battle of Flodden Field1513
0%
James IV dies1513
0%
Charles I comes to the throne1516
0%

You're not logged in!

Compare scores with friends on all Sporcle quizzes.
Join for Free
OR
Log In

You Might Also Like...

Show Comments

Extras

Created May 16, 2011ReportFavoriteNominate
Tags:AS Level, event, level

Top Quizzes Today


Score Distribution

Your Account Isn't Verified!

In order to create a playlist on Sporcle, you need to verify the email address you used during registration. Go to your Sporcle Settings to finish the process.

Report this User

Report this user for behavior that violates our Community Guidelines.

Details: